000 00467cam a22001337a 4500
008 180718b1967 xxu||||| |||| 00| 0 eng d
082 _aT2065x54 A151
245 _aIndustrial and economic statistics compendum, 1967
_cby All India Manufactures Organization
260 _aBombay
_bAll India Manufactures Organization
_c1967
300 _a398p.
650 _aIndia - Statistics
650 _aIndustry - India - Statistics
700 _aAll India Manufactures Organization
999 _c477912
_d477912